IV. Uluslararası Türk Dili Kurultayı, 2000, Ankara. (Record no. 15715)

MARC details
000 -BAŞLIK
Sabit Uzunlukta Kontrol Alanı 00879nam a22002417a 4500
999 ## - SİSTEM KONTROL NUMARALARI (KOHA)
Koha Biblionumber 15715
Koha Biblioitemnumber 15715
003 - KONTROL NUMARASI IDENTIFIER
Denetim Alanı MIRAKIL
005 - SON İŞLEM TARİHİ VE ZAMANI
Denetim Alanı 20240321131137.0
008 - SABİT-BOY VERİ ELEMANLARI - GENEL BİLGİLER
Sabit Uzunlukta Kontrol Alanı 240321b tu ||||| |||| 00| 0 tur d
020 ## - ULUSLARARASI STANDART KİTAP NUMARASI
Uluslararası Standart Kitap Numarası 9751619017 (1. cilt)
040 ## - KATALOGLAMA KAYNAK
Orijinal Kataloglama Ajansı TR-AnCHP
Metne Dönüştürmek Ajansı TR-AnCHP
041 ## - DİL KODU
Metin / Ses Parça Veya Ayrı Başlığın Dil Kodu tur
082 ## - DEWEY ONLU SINIFLANDIRMA NUMARASI
Sınıflandırma Numarası 410.6
Ürün Numarası U48 2007
111 ## - ANA GİRİŞ - TOPLANTI ADI
Giriş Elemanı Olarak Toplantı Adı Veya Yargı Alanı Adı Uluslararası Türk Dili Kurultayı
Toplantının Yeri Ankara
Toplantı Veya Antlaşma İmzalandığı Tarihi 2000
245 10 - BAŞLIK TABLOSU
Başlık IV. Uluslararası Türk Dili Kurultayı, 2000, Ankara.
260 ## - YAYIN, DAĞITIM, VB
Yayın, Dağıtım, Vb Yeri Ankara :
Yayıncı, Dağıtıcı, Vs Adı Türk Dil Kurumu,
Yayın, Dağıtım, Vb Tarihi 2007.
300 ## - FİZİKSEL TANIM
Kapsam 1. c., xxiv, 1013 s. :
Diğer Fiziksel Ayrıntıları şkl., tbl. ;
Boyutlar 24 cm.
490 0# - SERİSİ TABLOSU
Seri Beyanı Atatürk Kültür, Dil ve Tarih Yüksek Kurumu Türk Dil Kurumu yayınları ;
Hacim / Ardışık Tanımı 856/I
500 ## - GENEL NOT
Genel Not Bibliyografya bölüm sonlarındadır.
500 ## - GENEL NOT
Genel Not 1. cilt.
650 #0 - KONU KATMA GİRİŞ - TOPİKAL DÖNEM
9 (RLIN) 7716
Topikal Süreli Veya Coğrafi Ad Giriş Elemanı Türk dili
Genel Alt Bölümü Kongreler
856 ## - ELEKTRONİK YER VE ERİŞİM
Kamu Notu Dijital Nüshası için Partimizin Kütüphane Sorumlusu ile iletişime geçiniz.
942 ## - EKLENDİ GİRİŞ ELEMANLARI (KOHA)
Sınıflandırma Veya Raf Düzeni Kaynak Dewey Decimal Classification
Koha Öğesi Türü Books
Holdings
Kalıcı Konum Mevcut Konum Edinme Tarihi Toplam Check-Out'Lar Tam Çağrı Numarası Barkod Tarih Son Görülme İtibaren Geçerli Fiyatlar Koha Öğesi Türü
CHP Kütüphanesi CHP Kütüphanesi 03/21/2024   410.6 U48 2007 21647 03/21/2024 03/21/2024 Books